Medzinárodná konferencia o transformácii v strednej a vo východnej Európe

Zhodnotenie medzinárodnej konferencie na tému "Po neoliberálnom šoku. Problémy s transformáciou spoločenského poriadku v strednej a východnej Európe", ktorá sa konala vo Varšave v dňoch 21.-22. januára 1993. Organizátormi konferencie boli: Nadácia Poľská práca vo Varšave, Ústav Karla Rennera vo Vied...

Description complète

Enregistré dans:
Détails bibliographiques
Auteur principal: Juríčková, Vilma
Autres auteurs: Jaura, Z.
Format: Chapitre de livre
Langue:slovaque
Sujets:
Tags: Ajouter un tag
Pas de tags, Soyez le premier à ajouter un tag!

MARC

LEADER 00000naa a2200000 4500
001 r000490
005 20221213122813.5
041 0 |a slo 
044 |a SK 
245 1 0 |a Medzinárodná konferencia o transformácii v strednej a vo východnej Európe  |c Vilma Juríčková, Z. Jaura 
520 |a Zhodnotenie medzinárodnej konferencie na tému "Po neoliberálnom šoku. Problémy s transformáciou spoločenského poriadku v strednej a východnej Európe", ktorá sa konala vo Varšave v dňoch 21.-22. januára 1993. Organizátormi konferencie boli: Nadácia Poľská práca vo Varšave, Ústav Karla Rennera vo Viedni a Nadácia Friedricha Eberta vo Varšave. 
610 2 0 |a transformácia 
610 2 0 |a stredná Európa 
610 2 0 |a východná Európa 
610 2 0 |a konferencie 
610 2 0 |a Varšava 
610 2 0 |a 1993 
100 1 |a Juríčková, Vilma 
700 1 |a Jaura, Z.